000 00285 a2200109 4500
000 nam a22 7a 4500
005 20260312101713.0
100 _aMucciolo, Eduardo R
_91131741
245 _aIntroduction to quantum information processing
260 _bCRC Press
_c2026
942 _cAUD
999 _c1715170
_d1715170